Szczegóły MARC21

Historia kultury starożytnej Grecji i Rzymu /

003 -Nazwa inst., której nr kontr. jest w polu 001 [,]
    • @
    • Nazwa instytucji, której n kontrolny jest w polu 001
    • NUKAT
005 -DATA I CZAS OSTATNIEJ MODYFIKACJI [,]
    • @
    • pole kontrolne
    • 20241231104226.0
040 -Instytucja sporządzająca opis [ , ]
    • a
    • Instytucja, która sporządziła opis (NP)
    • GD U/MZ
    • c
    • Instytucja, która sporządziła rekord (NP)
    • GD U/MZ
    • d
    • Instytucja, która zmodyfikowała rekord (P)
    • GD U/MZ
    • d
    • Instytucja, która zmodyfikowała rekord (P)
    • GD U/KMs
    • d
    • Instytucja, która zmodyfikowała rekord (P)
    • OLSZT 003/bak
    • d
    • Instytucja, która zmodyfikowała rekord (P)
    • KAT U/MBs
    • d
    • Instytucja, która zmodyfikowała rekord (P)
    • KAT U/JPs
942 -Rodzaj dokumentu [ , ]
    • c
    • Rodzaj dokumentu
    • Książka
100 -Hasło główne - nazwa osobowa [1, ]
    • a
    • Nazwa osobowa (NP)
    • Kumaniecki, Kazimierz Feliks
    • d
    • Daty biograficzne (NP)
    • (1905-1977).
    • 9
    • KHW
    • 11545
245 -Strefa tytułu i oznaczenia odpowiedzialności [1,0]
    • a
    • Tytuł
    • Historia kultury starożytnej Grecji i Rzymu / Find
    • c
    • Pozostałe elementy strefy tytułu i oznaczenia odpowiedzialności (NP)
    • Kazimierz Kumaniecki ; [dobór i oprac. il. Barbara Gąssowska ; tablicę chronologiczną sporządziły Maria Cytowska i Hanna Szelest].
250 -Strefa wydania [ , ]
    • a
    • Oznaczenie wydania (NP)
    • Wyd. 7.
260 -Strefa adresu wydawniczego [ , ]
    • a
    • Miejsce wydania (P)
    • Warszawa :
    • b
    • Nazwa wydawcy (P)
    • Państwowe Wydawnictwo Naukowe,
    • c
    • Data wydania (P)
    • 1977.
300 -Strefa opisu fizycznego [ , ]
    • a
    • Określenie formy książki i/lub objętość (NP)
    • 626 s., [1] k. map złoż. :
    • b
    • Oznaczenie ilustracji (NP)
    • il. ;
    • c
    • Format (NP)
    • 25 cm.
336 -Typ zawartości [ , ]
    • a
    • Termin opisujący typ zawartości
    • Tekst
    • b
    • Kod określający zawartość
    • txt
    • 2
    • Źródło (terminu i kodu)
    • rdacontent
337 -Typ mediów [ , ]
    • a
    • Tryb odtwarzania
    • Bez urządzenia pośredniczącego
    • b
    • Kod typu mediów
    • n
    • 2
    • Źródło (terminu i kodu)
    • rdamedia
338 -Typ/rodzaj nośnika [ , ]
    • a
    • Hasło opisujące typ nośnika
    • Wolumin
    • b
    • Kod typu nośnika
    • nc
    • 2
    • Źródło (terminu i kodu)
    • rdacarrier
504 -Uwaga dot. bibliogr. załącznikowej [ , ]
    • a
    • Uwaga dot. bibliografii załącznikowej
    • Bibliogr. przy rozdz. oraz na s. 550-556. Indeks.
080 -Uniwersalna Klasyfikacja Dziesiętna [ , ]
    • 2
    • Identyfikator wydania tablic
    • UDC-P058
    • a
    • Symbol klasyfikacji
    • 94(37)::008
    • b
    • Dopowiedzenie
    • Historia kultury starożytnego Rzymu.
080 -Uniwersalna Klasyfikacja Dziesiętna [ , ]
    • 2
    • Identyfikator wydania tablic
    • UDC-P058
    • a
    • Symbol klasyfikacji
    • 94(38)::008
    • b
    • Dopowiedzenie
    • Historia kultury starożytnej Grecji.
650 -Hasło przedmiotowe [ ,7]
    • a
    • Hasło przedmiotowe
    • Cywilizacja klasyczna.
    • 2
    • Źródło terminu
    • kaba
    • 9
    • KHW
    • 105353
650 -Hasło przedmiotowe [ ,7]
    • a
    • Hasło przedmiotowe
    • Cywilizacja hellenistyczna.
    • 2
    • Źródło terminu
    • kaba
    • 9
    • KHW
    • 105349
651 -Hasło przedmiotowe w formie nazwy geograficznej [ ,7]
    • a
    • Nazwa geograficzna
    • Rzym (państwo)
    • x
    • Określnik rzeczowy
    • cywilizacja.
    • 2
    • Źródło terminu
    • kaba
    • 9
    • KHW
    • 129176
651 -Hasło przedmiotowe w formie nazwy geograficznej [ ,7]
    • a
    • Nazwa geograficzna
    • Rzym (państwo)
    • x
    • Określnik rzeczowy
    • historia.
    • 2
    • Źródło terminu
    • kaba
    • 9
    • KHW
    • 129177
651 -Hasło przedmiotowe w formie nazwy geograficznej [ ,7]
    • a
    • Nazwa geograficzna
    • Grecja
    • x
    • Określnik rzeczowy
    • cywilizacja
    • y
    • Określnik chronologiczny
    • do 146 p.n.e.
    • 2
    • Źródło terminu
    • kaba
    • 9
    • KHW
    • 110419
980 -Symbol UKD [ , ]
    • a
    • UKD
    • 94(37+38)::008
700 -Hasło dodatkowe - nazwa osobowa [1, ]
    • a
    • Nazwa osobowa (NP)
    • Gąssowska, Barbara Find
    • d
    • Daty biograficzne (NP)
    • ( -2010).
    • e
    • Określenie rodzaju współpracy
    • Oprac.
    • 9
    • KHW
    • 88408
700 -Hasło dodatkowe - nazwa osobowa [1, ]
    • a
    • Nazwa osobowa (NP)
    • Cytowska, Maria Find
    • d
    • Daty biograficzne (NP)
    • (1922-2007).
    • e
    • Określenie rodzaju współpracy
    • Oprac.
    • 9
    • KHW
    • 8488
700 -Hasło dodatkowe - nazwa osobowa [1, ]
    • a
    • Nazwa osobowa (NP)
    • Szelest, Hanna Find
    • d
    • Daty biograficzne (NP)
    • (1920-2006).
    • e
    • Określenie rodzaju współpracy
    • Oprac.
    • 9
    • KHW
    • 9818
710 -Hasło dodatkowe - nazwa ciała zbiorowego [2, ]
    • a
    • Nazwa ciała zbiorowego lub nazwa geograficzna jako pierwszy element (NP)
    • Państwowe Wydawnictwo Naukowe (1951-1992).
    • 4
    • Kod relacji
    • pbl
    • 9
    • KHW
    • 52048
Status udost. Sygnatura Uwagi nie widoczne w OPAC Lokalizacja Data inwentaryzacji Numer inwentarzowy
-5  BG1993-12-28W.70441
-5  BG1993-12-28W.70443
-5  BG1993-12-28W.70442
-5  BG1993-12-28W.70444
-5  BG1993-12-28W.70445
-5  BG1993-12-28W.70447
-5  BG1993-12-28W.70448
2Z.31381 BG1993-12-28Z.31381
-5  BG1993-12-28W.70446
1Historia kultury fizycznej 05retrokonwersja, depozyt BMBM W.70440
1 retrokonwersjaBNS F.6268